| 000 | 00820nam a2200265 i 4500 | ||
|---|---|---|---|
| 001 | bg | ||
| 003 | BPK | ||
| 005 | 20191029120955.0 | ||
| 008 | 030111s2002 pl f |000 0 pol | ||
| 020 | _a8391947920 | ||
| 040 | _cBPK | ||
| 041 | _apol | ||
| 080 | _a517 | ||
| 080 | _a(075.8+076) | ||
| 100 | 1 |
_aLassak, Marek _d(1948- ). |
|
| 245 | 1 | 0 |
_aZadania z analizy matematycznej / _cMarek Lassak. |
| 250 | _aWyd.3. | ||
| 260 |
_aBydgoszcz : _b"Supremum", _c2002. |
||
| 300 |
_a79 s. ; _c24 cm. |
||
| 655 | 4 | _aĆwiczenia i zadania dla szkół wyższych | |
| 650 | 4 | _aAnaliza matematyczna | |
| 942 |
_cKS _2udc |
||
| 856 |
_uhttp://koha.tu.koszalin.pl/cgi-bin/koha/opac-detail.pl?biblionumber=43237 _yKatalog online BPK |
||
| 999 |
_c43237 _d43237 |
||